| 000 | 00434nam a2200181Ia 4500 | ||
|---|---|---|---|
| 001 | 7375 | ||
| 005 | 20260306160450.0 | ||
| 008 | 260306t1975||||xx |||||||||||||| ||spa|| | ||
| 041 | _aESP | ||
| 082 |
_a338.76773 _bM81 |
||
| 100 |
_aMolas i Ribalta, Pere _eAUT |
||
| 245 | 0 | _aEconomia i societat al segle XVIII | |
| 260 | _c1975 | ||
| 300 |
_a205 páginas : _c21 cm. |
||
| 650 | _aGEN | ||
| 654 | _aCAN | ||
| 942 |
_cLIB _dJUS _fJUS _2ddc _n |
||
| 999 |
_c7375 _d7375 |
||